|
000
|
01308nam0 2200277 45
|
|
001
|
012014000000
|
|
005
|
20140820121212.0
|
|
010
|
|
@a978-7-5605-5769-4@dCNY24.80 (含光盘)
|
|
100
|
|
@a20140820d2014 em y0chiy50 ea
|
|
101
|
0
|
@achi@aeng
|
|
102
|
|
@aCN@b610000
|
|
105
|
|
@ay z 000yy
|
|
106
|
|
@ar
|
|
200
|
1
|
@a新题型大学英语四级听力特训@Axin ti xing da xue ying yu si ji ting li te xun@f新东方考试研究中心编著
|
|
205
|
|
@a第2版
|
|
210
|
|
@a西安@c西安交通大学出版社@d2014
|
|
215
|
|
@a286页@d21cm@e光盘1片
|
|
225
|
2
|
@a新东方大愚英语学习丛书@Axin dong fang da yu ying yu xue xi cong shu
|
|
307
|
|
@a附光盘:ISBN 978-7-88614-763-0
|
|
330
|
|
@a本书严格按照全国大学英语四、六级考试委员会最新发布的大学英语四级考试新听力题型结构编写,包括四级听力中的所有题型:短对话、长对话、短文理解和复合式听写,题型涵盖全面,为考生备战四级听力提供了切实有效的练习。本书紧扣四级改革要求,全面系统地剖析四级听力考试新走向,从细微处入手,对新旧题型层层分析,各个击破,为考生更快、更好地突破改革后的四级听力提供制胜之道。
|
|
410
|
0
|
@12001 @a新东方大愚英语学习丛书
|
|
606
|
0
|
@a英语@Aying yu@x听说教学@x水平考试@j习题
|
|
690
|
|
@aH319.9@v5
|
|
711
|
02
|
@a新东方考试研究中心@Axin dong fang kao shi yan jiu zhong xin@4编著
|
|
801
|
0
|
@aCN@bCDNYKJZYXY@c20140820
|
|
905
|
|
@aCDNYKJZYXY@dH319.9@e267@f2
|
|
|
|
|
| |
| 新题型大学英语四级听力特训/新东方考试研究中心编著.-第2版.-西安:西安交通大学出版社,2014 |
| 286页;21cm+光盘1片.-(新东方大愚英语学习丛书) |
| |
| |
| ISBN 978-7-5605-5769-4:CNY24.80 (含光盘) |
| 本书严格按照全国大学英语四、六级考试委员会最新发布的大学英语四级考试新听力题型结构编写,包括四级听力中的所有题型:短对话、长对话、短文理解和复合式听写,题型涵盖全面,为考生备战四级听力提供了切实有效的练习。本书紧扣四级改革要求,全面系统地剖析四级听力考试新走向,从细微处入手,对新旧题型层层分析,各个击破,为考生更快、更好地突破改革后的四级听力提供制胜之道。 |
| ● |
正题名:新题型大学英语四级听力特训
索取号:H319.9/267
 
预约/预借
| 序号
|
登录号
|
条形码
|
馆藏地/架位号
|
状态
|
备注
|
|
1
|
469418
|
300469418
|
柳城-3楼/17架12列2层/
[索取号:H319.9/267]
|
在馆
|
|
|
2
|
469419
|
300469419
|
海科密-1楼/26架7列5层/
[索取号:H319.9/267]
|
在馆
|
|